000 00556nam a2200181Ia 4500
008 151018s9999 xx 000 0 und d
082 _bRBASDV42287
_a891.2
100 _aभास
245 _aभासाची भारत नाट्ये
250 _b1
260 _bप्रसाद प्रकाशन मुंबई
300 _a0
600 _aभास
630 _aभासाची भारत नाट्ये
700 _aभास
730 _aभासाची भारत नाट्ये
942 _cBOOK
999 _c1041516
_d1041513